[Event "AUTO-ADV-517"]
[Site "http://www.queenalice.com/game.php?id=272062"]
[Date "2007.9.14"]
[Round "2"]
[White "allazzarini"]
[Black "badbishop"]
[Result "0-1"]
[WhiteElo "1984"]
[BlackElo "2117"]

1. e4 c6 2. d4 d5 3. Nc3 dxe4 4. Nxe4 Bf5 5. Ng3 Bg6 6. h4 h6 7. Nf3 Nd7 8. h5
Bh7 9. Bf4 e6 10. Bd3 Bxd3 11. Qxd3 Bb4+ 12. c3 Be7 13. O-O-O Ngf6 14. Ne5 O-O
15. f3 Nd5 16. Bd2 Nb4 17. Qb1 Nxe5 18. dxe5 Nd3+ 19. Kc2 Nf2 20. Be3 Nxd1 21.
Rxd1 Qa5 22. f4 Rfd8 23. Ne2 Qa4+ 24. b3 Qe4+ 25. Kb2 Qxe3 26. Nd4 Bc5 27. Re1
Qxf4 28. Rf1 Qd2+ 0-1

[Event "AUTO-ADV-517"]
[Site "http://www.queenalice.com/game.php?id=272063"]
[Date "2007.9.14"]
[Round "2"]
[White "badbishop"]
[Black "allazzarini"]
[Result "1-0"]
[WhiteElo "2141"]
[BlackElo "2002"]

1. e4 e5 2. Nf3 Nc6 3. Bb5 a6 4. Bxc6 dxc6 5. O-O Bd6 6. d4 Bg4 7. dxe5 Bxf3 8.
Qxf3 Bxe5 9. Nd2 Qf6 10. Qb3 O-O-O 11. Nf3 Bf4 12. Re1 Nh6 13. Bxf4 Qxf4 14. Qe3
Qxe3 15. Rxe3 Ng4 16. Re2 Rhe8 17. h3 Ne5 18. Nxe5 Rxe5 19. f4 Rb5 20. b3 Rd4
21. Kf2 f5 22. Kf3 Rbb4 23. Rae1 c5 24. g3 fxe4+ 25. Rxe4 Rxe4 26. Rxe4 Kd7 27.
Rxb4 cxb4 28. Ke4 Ke6 29. g4 g6 30. h4 c5 31. f5+ gxf5+ 32. gxf5+ Kf6 33. Kf4 a5
34. Ke4 b6 35. Kf4 b5 36. Ke4 h5 37. Kf4 a4 38. Ke4 c4 39. Kf4 cxb3 40. cxb3 1-0

[Event "AUTO-ADV-485"]
[Site "http://www.queenalice.com/game.php?id=276764"]
[Date "2007.9.25"]
[Round "2"]
[White "josecastroman"]
[Black "badbishop"]
[Result "0-1"]
[WhiteElo "1908"]
[BlackElo "2155"]

1. e4 c5 2. Nf3 d6 3. a3 Nc6 4. Nc3 Nf6 5. h3 g6 6. Bc4 Bg7 7. d3 O-O 8. Bg5 a6
9. Qd2 b5 10. Ba2 Bb7 11. Bh6 Nd4 12. Nxd4 cxd4 13. Ne2 Qb6 14. g4 Rac8 15. g5
Bxh6 16. gxh6 Qc5 17. Bb3 Nd7 18. O-O-O Qb6 19. Rdg1 Nc5 20. Kb1 e5 21. h4 Nxb3
22. Qg5 f6 23. Qf5 Kh8 24. Qg4 Nd2+ 25. Ka1 Rxc2 26. Nc1 Bc8 27. Qd1 Rxc1+ 0-1

[Event "AUTO-ADV-485"]
[Site "http://www.queenalice.com/game.php?id=276765"]
[Date "2007.9.25"]
[Round "2"]
[White "badbishop"]
[Black "josecastroman"]
[Result "1-0"]
[WhiteElo "2112"]
[BlackElo "1895"]

1. e4 e5 2. Nf3 Nc6 3. Bb5 d6 4. d4 exd4 5. Nxd4 Bd7 6. Nc3 Nf6 7. Bxc6 Bxc6 8.
O-O Be7 9. Re1 h6 10. Qf3 Qd7 11. Nf5 O-O 12. Bxh6 Nh7 13. Bxg7 Rfe8 14. Qg4 Bg5
15. h4 1-0

[Event "AUTO-ADV-485"]
[Site "http://www.queenalice.com/game.php?id=276768"]
[Date "2007.9.25"]
[Round "2"]
[White "gardez2005"]
[Black "badbishop"]
[Result "0-1"]
[WhiteElo "1937"]
[BlackElo "2149"]

1. d4 Nf6 2. c4 g6 3. Nc3 Bg7 4. e4 O-O 5. Nf3 d6 6. Be2 Nbd7 7. O-O e5 8. Re1
c6 9. Bf1 a5 10. Rb1 Re8 11. d5 Nc5 12. b3 Bd7 13. dxc6 Bxc6 14. Qc2 Rc8 15. Ba3
Qb6 16. Rbd1 Bf8 17. Bxc5 Qxc5 18. Nd5 Bxd5 19. exd5 Nxd5 20. Rxd5 Qxd5 21. Nd2
Qe6 22. Qe4 Qd7 23. Qd5 Rc5 24. Qf3 f5 25. Qh3 Qd8 26. Qf3 Bh6 27. Nb1 Kg7 28.
Qxb7+ Qc7 29. Qxc7+ Rxc7 30. Nc3 Bd2 0-1

[Event "AUTO-ADV-485"]
[Site "http://www.queenalice.com/game.php?id=276769"]
[Date "2007.9.25"]
[Round "2"]
[White "badbishop"]
[Black "gardez2005"]
[Result "1-0"]
[WhiteElo "2125"]
[BlackElo "1953"]

1. e4 e5 2. Nf3 Nc6 3. Bb5 Nf6 4. O-O Nxe4 5. Qe2 Nd6 6. Bxc6 dxc6 7. Qxe5+ Qe7
8. Qa5 Be6 9. Re1 g6 10. d3 Bg7 11. Bg5 Qd7 12. Nc3 O-O 13. Bf4 b6 14. Qa4 a6
15. Ne5 Bxe5 16. Bxe5 Nf5 17. Qf4 Rac8 18. g4 Nd6 19. Qf6 1-0

[Event "AUTO-ADV-485"]
[Site "http://www.queenalice.com/game.php?id=276772"]
[Date "2007.9.25"]
[Round "2"]
[White "badbishop"]
[Black "McErik"]
[Result "0-1"]
[WhiteElo "2198"]
[BlackElo "2197"]

1. e4 e5 2. Nf3 Nc6 3. Bb5 a6 4. Bxc6 dxc6 5. O-O Bg4 6. h3 Bh5 7. d3 Bd6 8.
Nbd2 Nf6 9. Nc4 Nd7 10. b3 Qf6 11. g4 Bg6 12. Bb2 O-O 13. Kg2 Qe7 14. Qd2 Rae8
15. Ng1 f6 16. Ne2 Nc5 17. Ng3 Ne6 18. Ne3 Qd7 19. Kh2 Bc5 20. Ng2 b6 21. Nf5 a5
22. a4 Bb4 23. Qe3 Rd8 24. Kh1 Nd4 25. Bxd4 exd4 26. Qg3 Kh8 27. f4 Bf7 28. Qf3
Bc3 29. Rab1 b5 30. Ngh4 bxa4 31. bxa4 Ba2 32. Rbc1 g6 33. Ng3 c5 34. Qg2 Qxa4
35. f5 g5 36. Nf3 Bb2 37. Rce1 c4 38. e5 Bc3 39. Re2 Qb5 40. exf6 cxd3 41. cxd3
Bd5 42. Ne4 Qxd3 43. Nfxg5 Qc4 44. f7 d3 45. Re3 Bd4 46. Ree1 Be5 47. Rc1 Qb4
48. Rc5 c6 49. Rxd5 Rxd5 50. Qf2 Qb2 51. Nd2 Bf6 52. Rb1 Qe5 53. Re1 Qb8 54.
Ndf3 d2 55. Rd1 Qb3 56. Qe2 a4 0-1

[Event "AUTO-ADV-485"]
[Site "http://www.queenalice.com/game.php?id=276773"]
[Date "2007.9.25"]
[Round "2"]
[White "McErik"]
[Black "badbishop"]
[Result "1-0"]
[WhiteElo "2185"]
[BlackElo "2190"]

1. Nf3 Nf6 2. d4 g6 3. e3 Bg7 4. Bd3 O-O 5. e4 d5 6. e5 Ne4 7. c4 c5 8. cxd5
Qxd5 9. Qe2 Bf5 10. g4 Nxf2 11. Bc4 Qd7 12. Qxf2 Bxg4 13. dxc5 Nc6 14. Nc3 Bxf3
15. Qxf3 Nxe5 16. Qe4 Nxc4 17. Qxc4 Rad8 18. O-O Qd4+ 19. Qxd4 Bxd4+ 20. Kg2
Bxc5 21. Bf4 f6 22. Ne4 Bd4 23. Rad1 Kg7 24. Bd6 exd6 25. Rxd4 d5 26. Nc3 Rfe8
27. Rfd1 Kf7 28. Rxd5 Rxd5 29. Rxd5 Ke6 30. Rd2 Rc8 31. Re2+ Kf7 32. Nb5 Rd8 33.
Nxa7 Ra8 34. Nb5 Rxa2 35. Nd6+ 1-0

[Event "AUTO-MASTER-408"]
[Site "http://www.queenalice.com/game.php?id=296563"]
[Date "2007.11.1"]
[Round "1"]
[White "monicker"]
[Black "badbishop"]
[Result "0-1"]
[WhiteElo "1743"]
[BlackElo "2186"]

1. e4 c5 2. Nf3 d6 3. d4 cxd4 4. Nxd4 Nf6 5. Nc3 Nc6 6. Be2 g6 7. O-O Bg7 8. Be3
O-O 9. f3 Bd7 10. a3 Rc8 11. Qd3 Ne5 12. Qd2 Nc4 13. Bxc4 Rxc4 14. Nce2 b5 15.
b3 Rc8 16. Rfc1 e5 17. Nxb5 Bxb5 18. c4 Bc6 19. Nc3 a6 20. b4 Bb7 21. Rc2 Rxc4
22. Rac1 Qd7 23. Nd5 Rxc2 24. Rxc2 Bxd5 25. exd5 Rc8 26. Qc1 Rxc2 27. Qxc2 Nxd5
28. Bf2 Qc7 29. Qxc7 Nxc7 30. Kf1 d5 31. Ke2 Nb5 0-1

[Event "AUTO-MASTER-408"]
[Site "http://www.queenalice.com/game.php?id=296564"]
[Date "2007.11.1"]
[Round "1"]
[White "badbishop"]
[Black "monicker"]
[Result "1-0"]
[WhiteElo "2187"]
[BlackElo "1741"]

1. e4 e6 2. d4 c5 3. d5 d6 4. Nc3 exd5 5. exd5 Nf6 6. Nf3 Be7 7. Bb5+ Bd7 8. a4
a6 9. Bxd7+ Nbxd7 10. O-O O-O 11. h3 Ne5 12. Re1 Nfd7 13. Bf4 Bf6 14. Nxe5 Nxe5
15. b3 Ng6 16. Bd2 Qd7 17. Qf3 Ne5 18. Qg3 Ng6 19. Rad1 Be5 20. Qf3 Rae8 21. Ne4
Re7 22. Re2 Rfe8 23. Rde1 Nh4 24. Qh5 Ng6 25. g3 Bd4 26. c3 Be5 27. f4 Bf6 28.
Nxf6+ gxf6 29. Kg2 Rxe2+ 30. Rxe2 Rxe2+ 31. Qxe2 b6 32. Qxa6 Qc7 33. Qa8+ 1-0

[Event "AUTO-MASTER-408"]
[Site "http://www.queenalice.com/game.php?id=296581"]
[Date "2007.11.1"]
[Round "1"]
[White "badbishop"]
[Black "Alberlandes"]
[Result "1-0"]
[WhiteElo "2183"]
[BlackElo "2024"]

1. e4 d6 2. d4 Nf6 3. Nc3 Nc6 4. Bb5 Bd7 5. Nf3 a6 6. Bxc6 bxc6 7. O-O Bg4 8. h3
Bh5 9. Qd3 Bg6 10. Bg5 d5 11. Bxf6 exf6 12. Rfe1 Be7 13. Nh4 dxe4 14. Nxe4 O-O
15. Nxg6 fxg6 16. Rad1 Kh8 17. Qc3 Qd5 18. Nc5 Rae8 19. Ne6 Bd6 20. Nxf8 Rxf8
21. Qb3 Qg5 22. c4 c5 23. dxc5 Be5 24. Qb7 Qf4 25. g3 Qxc4 26. b3 Qxc5 27. Qxa6
Bxg3 28. Re2 Bd6 29. Qc4 h5 30. Qxc5 Bxc5 31. a4 Bb4 32. Rd7 Rc8 33. Rc2 c5 34.
Rb7 Ra8 35. Rb5 Kh7 36. a5 Bxa5 37. Ra2 1-0

[Event "AUTO-MASTER-408"]
[Site "http://www.queenalice.com/game.php?id=296582"]
[Date "2007.11.1"]
[Round "1"]
[White "Alberlandes"]
[Black "badbishop"]
[Result "0-1"]
[WhiteElo "1925"]
[BlackElo "2174"]

1. d4 Nf6 2. c4 g6 3. Nc3 Bg7 4. Nf3 O-O 5. e4 d6 6. Bd3 Bg4 7. Be2 Nc6 8. d5
Bxf3 9. Bxf3 Ne5 10. Be2 c6 11. O-O cxd5 12. cxd5 Rc8 13. Be3 Nc4 14. Bxc4 Rxc4
15. Qb3 Qc8 16. Bxa7 Nxe4 17. Nxe4 Rxe4 18. Rac1 Qa8 19. Be3 Rc8 20. Qd3 Ra4 21.
Rxc8+ Qxc8 22. Qb5 Rxa2 23. Rc1 Qa8 24. Qd7 Ra1 25. g3 Bxb2 26. Rxa1 Qxa1+ 27.
Kg2 Bf6 28. Qxb7 Kg7 29. Qb3 Qe5 30. Qc4 h5 31. h4 Qf5 32. Bf4 Kh7 33. f3 Qb1
34. Qe2 Bd4 35. Be3 Bxe3 36. Qxe3 Qa2+ 37. Kh3 Qxd5 38. Kg2 e5 39. Kh2 Qe6 40.
f4 exf4 41. Qxf4 d5 42. Qd4 Qe2+ 43. Kg1 Qe4 44. Qf6 Kg8 45. Kh2 d4 46. Qd8+ Kg7
47. g4 Qxg4 48. Qd6 Qxh4+ 49. Kg2 Qe4+ 50. Kh2 d3 51. Kg1 Qe3+ 52. Kh1 d2 0-1

[Event "AUTO-MASTER-408"]
[Site "http://www.queenalice.com/game.php?id=296583"]
[Date "2007.11.1"]
[Round "1"]
[White "badbishop"]
[Black "Nakgada"]
[Result "1-0"]
[WhiteElo "2178"]
[BlackElo "1915"]

1. e4 c5 2. Nf3 Nc6 3. Bb5 Nf6 4. Nc3 a6 5. Bxc6 bxc6 6. O-O e6 7. e5 Nd5 8. Ne4
Qc7 9. d3 d6 10. exd6 Bxd6 11. Nxd6+ Qxd6 12. Nd2 O-O 13. Ne4 Qe7 14. c4 Nf6 15.
Bg5 h6 16. Bxf6 gxf6 17. Qg4+ Kh7 18. Qh4 Kg7 19. Rae1 e5 20. f4 Bf5 21. fxe5
Qxe5 22. Ng3 Qd4+ 23. Qxd4 cxd4 24. Nxf5+ Kg6 25. Re4 c5 26. Rg4+ Kh7 27. Rg7+
Kh8 28. Rf4 Rg8 29. Rxf7 Rg6 30. Nh4 Rg5 31. R4xf6 Kg8 32. Re7 Rf8 33. Rxf8+
Kxf8 34. Re6 Rg4 35. Nf5 h5 36. g3 Rg5 37. Nd6 h4 38. Ne4 h3 39. Nxg5 a5 40. Kf2
a4 41. Kf3 a3 42. bxa3 Kg7 43. Kg4 Kh8 44. Re7 Kg8 45. Kf5 Kf8 46. Kf6 Kg8 47.
Re8# 1-0

[Event "AUTO-MASTER-408"]
[Site "http://www.queenalice.com/game.php?id=296584"]
[Date "2007.11.1"]
[Round "1"]
[White "Nakgada"]
[Black "badbishop"]
[Result "0-1"]
[WhiteElo "1948"]
[BlackElo "2171"]

1. d4 Nf6 2. c4 g6 3. Bg5 Ne4 4. Nf3 Nxg5 5. Nxg5 Bg7 6. e3 c5 7. Qf3 O-O 8. Qh3
h6 9. Nf3 Qb6 10. b3 Nc6 11. Nbd2 cxd4 12. exd4 Nxd4 13. Nxd4 Qxd4 14. Rd1 d6
15. Qf3 Bg4 16. Qe3 Bxd1 17. Qxd4 Bxd4 18. Kxd1 Bxf2 19. Bd3 Rad8 20. Be4 Rd7
21. a4 e6 22. Kc2 d5 23. cxd5 exd5 24. Bd3 Rc8+ 25. Kb2 Bd4+ 26. Ka3 Rc3 27. Bb1
Re7 28. Nf3 Bc5+ 29. Kb2 d4 30. Re1 Rxe1 31. Nd2 Re2 0-1

[Event "Amigos do Macuei"]
[Site "http://www.queenalice.com/game.php?id=303428"]
[Date "2007.11.13"]
[Round "1"]
[White "UnknownKnight"]
[Black "badbishop"]
[Result "0-1"]
[WhiteElo "2011"]
[BlackElo "2176"]

1. d4 Nf6 2. b3 g6 3. Bb2 Bg7 4. Nf3 O-O 5. Nbd2 d6 6. e3 Nbd7 7. Bd3 c5 8. c4
cxd4 9. exd4 e5 10. dxe5 dxe5 11. Ne4 Nxe4 12. Bxe4 Nc5 13. Qc2 Nxe4 14. Qxe4
Qa5+ 15. Nd2 Bf5 16. Qe3 Rad8 17. Bc3 Qc7 18. O-O Rd3 19. Qxa7 Rxc3 20. Rac1 Rd3
21. Nf3 Bh6 22. Rcd1 Rxf3 23. gxf3 Bh3 24. Rfe1 Qe7 25. Kh1 Qf6 26. Rd3 Bf4 27.
Qxb7 Qh4 28. Qb6 Bf1 0-1

[Event "AUTO-MASTER-319"]
[Site "http://www.queenalice.com/game.php?id=308028"]
[Date "2007.11.21"]
[Round "2"]
[White "Mirok"]
[Black "badbishop"]
[Result "1-0"]
[WhiteElo "2248"]
[BlackElo "2184"]

1. e4 c5 2. Nf3 d6 3. d4 cxd4 4. Nxd4 Nf6 5. Nc3 Nc6 6. Bg5 Bd7 7. Qd2 Rc8 8.
Nb3 h6 9. Bxf6 gxf6 10. Bd3 e6 11. O-O-O Ne5 12. f4 Nc4 13. Bxc4 Rxc4 14. Kb1
Be7 15. f5 b5 16. Rhf1 b4 17. Qd3 Qc7 18. Ne2 Qc8 19. Nf4 Rg8 20. Rf2 Rg5 21.
fxe6 fxe6 22. h4 Rg4 23. g3 Kd8 24. Nh5 Rcxe4 25. Nxf6 Bxf6 26. Rxf6 d5 27. Rxh6
Qc4 28. Qf3 Kc7 29. Rh7 Qe2 30. Qf7 Qxd1+ 31. Nc1 1-0

[Event "AUTO-MASTER-319"]
[Site "http://www.queenalice.com/game.php?id=308029"]
[Date "2007.11.21"]
[Round "2"]
[White "badbishop"]
[Black "Mirok"]
[Result "1/2-1/2"]
[WhiteElo "2182"]
[BlackElo "2248"]

1. e4 c5 2. Nf3 d6 3. d4 cxd4 4. Nxd4 Nf6 5. Nc3 a6 6. Be2 Nbd7 7. O-O Nc5 8.
Bf3 e5 9. Nb3 Nxb3 10. axb3 Be6 11. Bg5 Be7 12. Qd3 O-O 13. Rfd1 Rc8 14. Bxf6
Bxf6 15. Qxd6 Qxd6 16. Rxd6 Rfd8 17. Rad1 Rxd6 18. Rxd6 Be7 19. Rd3 Kf8 20. h3
Bg5 21. Rd1 b5 22. Bg4 Bxg4 23. hxg4 b4 24. Nd5 Rxc2 25. Ra1 Rxb2 26. Rxa6 g6
27. Nxb4 1/2-1/2

[Event "AUTO-MASTER-319"]
[Site "http://www.queenalice.com/game.php?id=308032"]
[Date "2007.11.21"]
[Round "2"]
[White "badbishop"]
[Black "Bruscato"]
[Result "1-0"]
[WhiteElo "2179"]
[BlackElo "2037"]

1. e4 c5 2. Nf3 d6 3. d4 cxd4 4. Nxd4 Nf6 5. Nc3 a6 6. Be2 e5 7. Nb3 Be7 8. Bg5
O-O 9. Bxf6 Bxf6 10. Qd3 Be6 11. O-O-O Qb6 12. Rhf1 Nc6 13. Kb1 Rfd8 14. Nd5
Bxd5 15. Qxd5 Ne7 16. Qa5 Qc6 17. Bf3 Ng6 18. g3 b6 19. Qd5 Qxd5 20. Rxd5 Ne7
21. Rd3 b5 22. Rfd1 Nc8 23. Bg4 a5 24. Bxc8 Rdxc8 25. Rxd6 a4 26. Nc1 b4 27. Rd7
h6 28. Rb7 Rc4 29. Nd3 Rxe4 30. Rxb4 Rxb4 31. Nxb4 a3 32. b3 Rb8 33. Nd5 Bg5 34.
c4 f5 35. Kc2 e4 36. b4 Kf7 37. Kb3 1-0

[Event "AUTO-MASTER-319"]
[Site "http://www.queenalice.com/game.php?id=308033"]
[Date "2007.11.21"]
[Round "2"]
[White "Bruscato"]
[Black "badbishop"]
[Result "0-1"]
[WhiteElo "2027"]
[BlackElo "2187"]

1. e4 c5 2. Nf3 d6 3. d4 cxd4 4. Nxd4 Nf6 5. Nc3 Nc6 6. Nxc6 bxc6 7. Be2 g6 8.
O-O Bg7 9. Be3 O-O 10. f4 Qa5 11. Rb1 Rb8 12. a3 Be6 13. Bf3 Nd7 14. Bd4 Bxd4+
15. Qxd4 Qb6 16. Qxb6 Rxb6 17. h3 Rfb8 18. g4 Rxb2 19. Rxb2 Rxb2 20. Rc1 Nb6 21.
f5 Bc4 22. Kf2 Bb3 23. Bd1 Na4 24. Nb1 Ba2 25. Nd2 Nc3 26. Be2 Nb1 27. Nxb1 Rxb1
28. Rxb1 Bxb1 29. Bd3 Kg7 30. Ke3 Kf6 31. h4 Ke5 32. a4 a5 33. g5 c5 34. h5 gxh5
35. Kd2 h4 36. Ke3 h3 37. Kf3 Kd4 38. Kg3 c4 0-1

[Event "AUTO-MASTER-408"]
[Site "http://www.queenalice.com/game.php?id=405229"]
[Date "2008.5.19"]
[Round "2"]
[White "badbishop"]
[Black "PackoJones"]
[Result "0-1"]
[WhiteElo "2188"]
[BlackElo "2312"]

1. d4 d5 2. c4 c6 3. Nf3 Nf6 4. e3 Bg4 5. Nc3 e6 6. h3 Bh5 7. g4 Bg6 8. Ne5 Nbd7
9. Nxg6 hxg6 10. Bd2 Be7 11. cxd5 cxd5 12. Bg2 Rc8 13. Qb3 Nb6 0-1

[Event "AUTO-MASTER-408"]
[Site "http://www.queenalice.com/game.php?id=405230"]
[Date "2008.5.19"]
[Round "2"]
[White "PackoJones"]
[Black "badbishop"]
[Result "1-0"]
[WhiteElo "2320"]
[BlackElo "2180"]

1. e4 c6 2. d4 d5 3. Nc3 dxe4 4. Nxe4 Bf5 5. Ng3 Bg6 6. h4 h6 7. Nf3 Nd7 8. h5
Bh7 9. Bd3 Bxd3 10. Qxd3 e6 11. Bd2 Ngf6 12. O-O-O Be7 13. Kb1 O-O 14. Qe2 Qb6
15. c4 1-0

[Event "AUTO-MASTER-408"]
[Site "http://www.queenalice.com/game.php?id=405231"]
[Date "2008.5.19"]
[Round "2"]
[White "badbishop"]
[Black "silverhawks"]
[Result "1-0"]
[WhiteElo "2172"]
[BlackElo "2064"]

1. d4 d5 2. c4 c6 3. Nf3 Bg4 4. Ne5 Bc8 5. cxd5 Qxd5 6. Nc3 Qd6 7. e4 Nd7 8. Bf4
Nxe5 9. Bxe5 Qg6 10. Qb3 e6 11. O-O-O Nf6 12. d5 exd5 13. exd5 Be7 14. d6 Be6
15. Qxb7 O-O 16. dxe7 Rfe8 17. Bd3 Qh6+ 18. f4 Nd5 19. Nxd5 Bxd5 20. Rhe1 f6 21.
Bd6 Qh5 22. Bc2 Bxa2 23. Bb3+ Bxb3 24. Qxb3+ Kh8 25. Bc7 Rxe7 26. Rxe7 Qc5+ 27.
Kb1 Qxe7 28. Bd6 Qe2 29. Qc2 Qb5 30. Qd3 Qh5 31. Bb4 Qxh2 32. Qd8+ Rxd8 33.
Rxd8# 1-0

[Event "AUTO-MASTER-408"]
[Site "http://www.queenalice.com/game.php?id=405232"]
[Date "2008.5.19"]
[Round "2"]
[White "silverhawks"]
[Black "badbishop"]
[Result "0-1"]
[WhiteElo "2052"]
[BlackElo "2181"]

1. b4 d5 2. Nf3 Nf6 3. d4 Bf5 4. Nh4 e6 5. Nxf5 exf5 6. e3 Bxb4+ 7. Bd2 Bxd2+ 8.
Nxd2 c6 9. Bd3 g6 10. O-O Nbd7 11. c4 O-O 12. Nf3 dxc4 13. Bxc4 Nb6 14. Bd3 Qe7
15. Rc1 Qa3 16. Qc2 Nfd5 17. Ne5 Rfe8 18. Rb1 Rad8 19. Rb3 Qd6 20. Rfb1 Re7 21.
Qd2 Nf6 22. Qa5 Nfd5 23. Qxa7 Ra8 24. Qxa8+ Nxa8 25. Rxb7 Rxb7 26. Rxb7 Nac7 27.
Bc4 Qa3 28. h4 f6 29. Rxc7 fxe5 30. dxe5 Qc1+ 31. Kh2 Qxc4 32. e6 Qxh4+ 33. Kg1
Nxc7 34. g3 Qh3 35. a3 Nxe6 36. a4 Ng5 37. f4 Ne4 38. a5 Qxg3+ 39. Kf1 Qf2# 0-1

[Event "Amigos do Macuei"]
[Site "http://www.queenalice.com/game.php?id=418632"]
[Date "2008.6.16"]
[Round "2"]
[White "blanenatelo05"]
[Black "badbishop"]
[Result "1-0"]
[WhiteElo "2188"]
[BlackElo "2189"]

1. e4 c6 2. d4 d5 3. exd5 cxd5 4. c4 Nf6 5. Nc3 e6 6. cxd5 Nxd5 7. Bb5+ Bd7 8.
Bd3 Bc6 9. Nf3 Bb4 10. Bd2 Nd7 11. Nxd5 Bxd2+ 12. Nxd2 Bxd5 13. Be4 Nf6 14. Qa4+
Qd7 15. Qxd7+ Kxd7 16. Bxd5 Nxd5 17. O-O Rhc8 18. Rfc1 Nf4 19. Kf1 Nd3 20. Rc3
Rxc3 21. bxc3 Rc8 22. c4 b6 23. Rb1 e5 24. Rb3 Nf4 25. Ra3 exd4 26. Rf3 Ne6 27.
Rxf7+ 1-0